Boletn̕ de Propiedad Intelectual, Industrial y Nuevas Tecnologa̕s

Detalles Bibliográficos
Formato: Revista
Lenguaje:español
Publicado: Madrid : CMS Albiąna & Sur̀ez de Lezo, 2012-
Materias:
Acceso en línea:http://www.vlex.com/source/11065

MARC

LEADER 00000nas a22000007a 4500
005 20130503140006.0
007 cr|||| ||||
008 130503c2013 sp fr|p s|||| 0|||b1spa d
035 |a 11065 
040 |a vLex 
090 |c 4275  |d 4275 
245 0 0 |a Boletn̕ de Propiedad Intelectual, Industrial y Nuevas Tecnologa̕s  |h [Recurso electrn̤ico] 
256 |a Servicio en ln̕ea 
260 |a Madrid :  |b CMS Albiąna & Sur̀ez de Lezo,   |c 2012- 
300 |a 1 Recurso electrn̤ico 
506 |d vLex Global  |d vLex Global (Academic Edition, excluding Law Schools)  |d vLex Global (U.S. Academic Edition, Law Schools)  |d vLex Global (U.S. Academic Edition, excluding Law Schools)  |d vLex Global (Academic Edition, Law Schools) 
650 0 4 |a Propiedad intelectual  |v Revistas  |z Espaą 
650 0 4 |a Propiedad industrial  |v Revistas  |z Espaą 
650 0 4 |a Derecho de las nuevas tecnologa̕s  |v Revistas  |z Espaą 
740 |a vLex Revistas (Servicio en ln̕ea) 
856 |a Acceso restringido  |u http://www.vlex.com/source/11065 
942 |c REV 
999 0 |a Copyright